00530nam a2200193 a 4500001001300000003000900013005001700022008004100039020002300080082002100103100002200124245005400146260003600200300000900236500003500245505001000280650002400290700002200314nice12345678IN_TiNIC20260116013746.0050524s1998 newa grp 000 0 eng  a8173041 c35000a306.0899145bIFT aIftekharuzzaman,  aEthnicity and Constitutional Reform in South Asia aNew Delhi bManohar Pub. c1998 a190p aincludes index and biblioraphy2 aIndex aIndia-Ethnic Groups1 aIftekharuzzaman,